[Event "Novi Sad TS IM Mix 277th"]
[Site "Novi Sad"]
[Date "2022.05.18"]
[Round "3"]
[White "Manush, Shah"]
[Black "Ljepic, Andrej"]
[Result "1/2-1/2"]
[WhiteElo "2303"]
[BlackElo "2289"]
[PlyCount "26"]
[EventDate "2022.05.16"]
[EventType "schev"]
[EventRounds "9"]
[EventCountry "SRB"]
[SourceTitle "CBM 208 Extra"]
[Source "ChessBase"]
[SourceDate "2022.07.31"]
[SourceVersion "1"]
[SourceVersionDate "2022.07.31"]
[SourceQuality "1"]

1. d4 d5 2. c4 c6 3. Nf3 Nf6 4. Nc3 e6 5. e3 Nbd7 6. Bd3 dxc4 7. Bxc4 b5 8. Bd3 Bb7 9. 0-0 a6 10. Ne4 Nxe4 11. Bxe4 Nf6 12. Bd3 c5 13. dxc5 Bxc5 1/2-1/2

[Event "Novi Sad TS IM Mix 257th"]
[Site "Novi Sad"]
[Date "2022.05.12"]
[Round "6"]
[White "Manush, Shah"]
[Black "Mohammed, Dilshad"]
[Result "1/2-1/2"]
[WhiteElo "2303"]
[BlackElo "2041"]
[PlyCount "48"]
[EventDate "2022.05.09"]
[EventType "tourn"]
[EventRounds "9"]
[EventCountry "SRB"]
[SourceTitle "CBM 208 Extra"]
[Source "ChessBase"]
[SourceDate "2022.07.31"]
[SourceVersion "1"]
[SourceVersionDate "2022.07.31"]
[SourceQuality "1"]

1. d4 d5 2. c4 e6 3. e3 Nf6 4. Nf3 Be7 5. Nc3 0-0 6. b3 c5 7. Bd3 Nc6 8. 0-0 b6 9. Bb2 cxd4 10. exd4 Bb7 11. Rc1 Rc8 12. Re1 Nb4 13. Bf1 dxc4 14. bxc4 Nc6 15. d5 exd5 16. Nxd5 Re8 17. Nxf6+ Bxf6 18. Rxe8+ Qxe8 19. Bxf6 gxf6 20. c5 Ne7 21. cxb6 Rxc1 22. Qxc1 Bxf3 23. gxf3 axb6 24. Qe3 Qd8 1/2-1/2

[Event "Novi Sad TS IM Mix 257th"]
[Site "Novi Sad"]
[Date "2022.05.11"]
[Round "3"]
[White "Korelskiy, Egor"]
[Black "Manush, Shah"]
[Result "1/2-1/2"]
[WhiteElo "2076"]
[BlackElo "2303"]
[PlyCount "40"]
[EventDate "2022.05.09"]
[EventType "tourn"]
[EventRounds "9"]
[EventCountry "SRB"]
[SourceTitle "CBM 208 Extra"]
[Source "ChessBase"]
[SourceDate "2022.07.31"]
[SourceVersion "1"]
[SourceVersionDate "2022.07.31"]
[SourceQuality "1"]

1. e4 c6 2. Nc3 d5 3. Nf3 dxe4 4. Nxe4 Nf6 5. Qe2 Nxe4 6. Qxe4 Qa5 7. Bc4 Bf5 8. Qf4 e6 9. 0-0 Be7 10. d3 0-0 11. Bd2 Qd8 12. Bc3 Nd7 13. Rfe1 Nf6 14. h3 h6 15. Rad1 Nd5 16. Bxd5 Qxd5 17. a4 Bd6 18. Qe3 Be7 19. Qf4 Bd6 20. Qe3 Be7 1/2-1/2

[Event "Titled Tuesday intern op 06th Oct"]
[Site "Chess.com INT"]
[Date "2020.10.06"]
[Round "1"]
[White "Kovalev, Vladislav"]
[Black "Manush, Shah"]
[Result "1-0"]
[WhiteElo "2648"]
[BlackElo "2324"]
[PlyCount "95"]
[EventDate "2020.10.06"]
[EventType "swiss (blitz)"]
[EventRounds "10"]
[EventCountry "USA"]
[SourceTitle "CBM 198 Extra"]
[Source "ChessBase"]
[SourceDate "2020.11.30"]
[SourceVersion "1"]
[SourceVersionDate "2020.11.30"]
[SourceQuality "1"]

1. e4 c6 2. Nf3 d5 3. Nc3 dxe4 4. Nxe4 Nf6 5. Qe2 Nxe4 6. Qxe4 Qa5 7. Bc4 Bf5 8. Qf4 e6 9. c3 Nd7 10. d4 Be7 11. 0-0 0-0 12. a4 Nf6 13. h3 Rad8 14. Re1 Bd6 15. Qh4 Qc7 16. b4 Nd5 17. Bd2 Be7 18. Qg3 Qxg3 19. fxg3 Bd6 20. g4 Bg6 21. Ne5 Bxe5 22. Rxe5 Nxb4 23. Bg5 Nc2 24. Bxd8 Nxa1 25. Bc7 Nc2 26. a5 Rc8 27. Bd6 b6 28. axb6 axb6 29. Rxe6 b5 30. Ba2 Ra8 31. Re2 h5 32. Bb3 Na1 33. Bd1 hxg4 34. hxg4 f5 35. gxf5 Bxf5 36. Re7 Nc2 37. Bf3 Ra1+ 38. Kh2 b4 39. Bxb4 Nxb4 40. cxb4 Rc1 41. d5 cxd5 42. Bxd5+ Kh7 43. b5 Rb1 44. Rb7 Kh6 45. b6 g5 46. Rb8 Kh5 47. b7 Kg4 48. Rf8 1-0

[Event "Titled Tuesday intern op 06th Oct"]
[Site "Chess.com INT"]
[Date "2020.10.06"]
[Round "2"]
[White "Manush, Shah"]
[Black "Scherbinin, Kirill"]
[Result "0-1"]
[WhiteElo "2324"]
[BlackElo "2168"]
[PlyCount "168"]
[EventDate "2020.10.06"]
[EventType "swiss (blitz)"]
[EventRounds "10"]
[EventCountry "USA"]
[SourceTitle "CBM 198 Extra"]
[Source "ChessBase"]
[SourceDate "2020.11.30"]
[SourceVersion "1"]
[SourceVersionDate "2020.11.30"]
[SourceQuality "1"]

1. d4 Nf6 2. Nf3 d5 3. c4 e6 4. e3 Be7 5. Nc3 0-0 6. cxd5 exd5 7. Bd3 c6 8. 0-0 Bg4 9. Be2 Nbd7 10. Ne5 Bxe2 11. Qxe2 a5 12. f4 Re8 13. Bd2 Nf8 14. Be1 N6d7 15. Qh5 g6 16. Qf3 f6 17. Nd3 f5 18. Ne5 Nf6 19. Bh4 Ne4 20. Bxe7 Qxe7 21. g4 Nd2 22. Qg2 Nxf1 23. Rxf1 fxg4 24. Qxg4 Kh8 25. Rf2 Ne6 26. Kh1 Ng7 27. Qh3 Kg8 28. Rg2 Rad8 29. Ne2 c5 30. Ng1 cxd4 31. exd4 Rc8 32. Qf3 Qe6 33. Ne2 Rc2 34. Nc3 Rxg2 35. Kxg2 Rd8 36. a4 Nf5 37. Qf2 Qb6 38. Nb5 Rc8 39. Kh3 Qe6 40. Ng4 h5 41. Ne5 Kg7 42. Nc3 Ne3+ 43. Kh4 Nf5+ 44. Kh3 Nxd4+ 45. Kg2 Nf5 46. Qa7 Rc7 47. Qb8 Re7 48. Ne2 d4 49. Qd8 Ne3+ 50. Kf2 Nf5 51. Nxd4 Nxd4 52. Qxd4 Qf6 53. Qe4 g5 54. Kg3 Qxf4+ 55. Qxf4 gxf4+ 56. Kxf4 Rc7 57. Nd3 Rc2 58. h4 Rd2 59. Nc5 Rxb2 60. Ne6+ Kh6 61. Nc5 b5 62. axb5 Rxb5 63. Nd3 Rb4+ 64. Nxb4 axb4 65. Ke4 Kg6 66. Kd4 Kf5 67. Kc4 Kg4 68. Kxb4 Kxh4 69. Kc3 Kg3 70. Kd2 Kf2 71. Kd3 h4 72. Ke4 h3 73. Kf4 h2 74. Kg4 h1Q 75. Kf5 Qf3+ 76. Ke5 Ke3 77. Kd6 Qf4+ 78. Kd5 Qf5+ 79. Kc6 Kd4 80. Kb7 Qg6 81. Ka8 Qh7 82. Kb8 Kc5 83. Ka8 Kb6 84. Kb8 Qh8# 0-1

[Event "Titled Tuesday intern op 29th Sept"]
[Site "Chess.com INT"]
[Date "2020.09.29"]
[Round "6"]
[White "Manush, Shah"]
[Black "Kubicka, Anna"]
[Result "0-1"]
[WhiteElo "2324"]
[BlackElo "2264"]
[PlyCount "110"]
[EventDate "2020.09.29"]
[EventType "swiss (blitz)"]
[EventRounds "10"]
[EventCountry "USA"]
[SourceTitle "CBM 198 Extra"]
[Source "ChessBase"]
[SourceDate "2020.11.30"]
[SourceVersion "1"]
[SourceVersionDate "2020.11.30"]
[SourceQuality "1"]

1. d4 Nf6 2. c4 g6 3. g3 Bg7 4. Bg2 0-0 5. Nf3 d6 6. Nc3 Nbd7 7. 0-0 e5 8. dxe5 Nxe5 9. Nxe5 dxe5 10. Qxd8 Rxd8 11. Bg5 h6 12. Bxf6 Bxf6 13. Nd5 Kg7 14. Nxc7 Rb8 15. Nd5 Be6 16. Rfd1 b6 17. Rac1 Rbc8 18. b3 Bg5 19. e3 f5 20. h4 Bf6 21. Nxf6 Kxf6 22. Kf1 g5 23. hxg5+ hxg5 24. Ke2 e4 25. g4 Ke5 26. gxf5 Bxf5 27. Rh1 Bg4+ 28. f3 exf3+ 29. Bxf3 Bxf3+ 30. Kxf3 Rd2 31. Rcd1 Rf8+ 32. Kg3 Rxa2 33. Rd5+ Ke4 34. Rxg5 Rf3+ 35. Kh4 Kxe3 36. Rd1 Rh2+ 37. Kg4 Rg2+ 38. Kh5 Rxg5+ 39. Kxg5 Ke4 40. Ra1 a5 41. c5 Rf5+ 42. Kg4 Rxc5 43. Re1+ Kd3 44. Kf4 Rc3 45. Re3+ Kc2 46. Re6 Rxb3 47. Ke4 a4 48. Kd4 a3 49. Kc4 b5+ 50. Kd4 a2 51. Re2+ Kb1 52. Re1+ Kb2 53. Re2+ Ka3 54. Re1 Rb1 55. Re3+ Ka4 0-1

[Event "Titled Tuesday intern op 01st Sept"]
[Site "Chess.com INT"]
[Date "2020.09.01"]
[Round "3"]
[White "Mayeregger, Arnold"]
[Black "Manush, Shah"]
[Result "1-0"]
[WhiteElo "2121"]
[BlackElo "2324"]
[PlyCount "113"]
[EventDate "2020.09.01"]
[EventType "swiss (blitz)"]
[EventRounds "10"]
[EventCountry "USA"]
[SourceTitle "CBM 198 Extra"]
[Source "ChessBase"]
[SourceDate "2020.11.30"]
[SourceVersion "1"]
[SourceVersionDate "2020.11.30"]
[SourceQuality "1"]

1. e4 c6 2. d3 d5 3. Nd2 e5 4. Ngf3 Bd6 5. g3 Nf6 6. Bg2 0-0 7. 0-0 Re8 8. b3 Bg4 9. Bb2 Nbd7 10. h3 Bh5 11. Qe1 dxe4 12. Nxe4 Nxe4 13. Qxe4 Bg6 14. Qe1 e4 15. dxe4 Bxe4 16. Qd1 Nf6 17. Nd2 Bxg2 18. Kxg2 Be5 19. Bxe5 Rxe5 20. Nc4 Rd5 21. Qf3 b5 22. Ne3 Rd6 23. Rad1 Qc7 24. Nf5 Rxd1 25. Rxd1 Rd8 26. Rxd8+ Qxd8 27. Qxc6 g6 28. Nh6+ Kg7 29. Ng4 Nxg4 30. hxg4 Qg5 31. Qf3 Qc5 32. c3 Qe5 33. Qe3 Qd5+ 34. Kh2 Qb7 35. Qd4+ Kg8 36. g5 a6 37. a4 bxa4 38. Qxa4 Qf3 39. Qe8+ Kg7 40. Qe5+ Kg8 41. Qf6 Qd5 42. b4 Qc4 43. Qd8+ Kg7 44. Qd4+ Qxd4 45. cxd4 f6 46. gxf6+ Kxf6 47. Kg2 Ke6 48. Kf3 Kd5 49. Ke3 h5 50. f4 Kc4 51. Ke4 Kxb4 52. d5 a5 53. d6 a4 54. d7 a3 55. d8Q a2 56. Qd4+ Kb3 57. Qa1 1-0

[Event "Titled Tuesday intern op 25th Aug"]
[Site "Chess.com INT"]
[Date "2020.08.25"]
[Round "4"]
[White "Lazavik, Denis"]
[Black "Manush, Shah"]
[Result "1-0"]
[WhiteElo "2424"]
[BlackElo "2324"]
[PlyCount "61"]
[EventDate "2020.08.25"]
[EventType "swiss (blitz)"]
[EventRounds "10"]
[EventCountry "USA"]
[SourceTitle "CBM 198 Extra"]
[Source "ChessBase"]
[SourceDate "2020.11.30"]
[SourceVersion "1"]
[SourceVersionDate "2020.11.30"]
[SourceQuality "1"]

1. c4 c6 2. Nf3 d5 3. e3 Nf6 4. Nc3 e6 5. b3 Bd6 6. Bb2 0-0 7. d4 Nbd7 8. Bd3 b6 9. 0-0 Bb7 10. Qc2 Rc8 11. Rad1 Re8 12. Rfe1 dxc4 13. Bxc4 Qe7 14. e4 e5 15. Ne2 b5 16. Bd3 c5 17. dxe5 Nxe5 18. Nxe5 Bxe5 19. Bxe5 Qxe5 20. Bxb5 Bxe4 21. Qc3 Qg5 22. Ng3 Bc6 23. Bxc6 Rxc6 24. Rxe8+ Nxe8 25. Re1 Nf6 26. h4 Qg4 27. Qe5 h6 28. Qb8+ Kh7 29. Qxa7 Qxh4 30. Qxf7 Rd6 31. Nf5 1-0

[Event "Titled Tuesday intern op 25th Aug"]
[Site "Chess.com INT"]
[Date "2020.08.25"]
[Round "7"]
[White "Triapishko, Alexandr"]
[Black "Manush, Shah"]
[Result "1-0"]
[WhiteElo "2506"]
[BlackElo "2324"]
[PlyCount "79"]
[EventDate "2020.08.25"]
[EventType "swiss (blitz)"]
[EventRounds "10"]
[EventCountry "USA"]
[SourceTitle "CBM 198 Extra"]
[Source "ChessBase"]
[SourceDate "2020.11.30"]
[SourceVersion "1"]
[SourceVersionDate "2020.11.30"]
[SourceQuality "1"]

1. e4 c6 2. Nf3 d5 3. d3 dxe4 4. dxe4 Qxd1+ 5. Kxd1 g6 6. Nfd2 Bg7 7. f3 Nf6 8. a4 a5 9. c3 0-0 10. Kc2 Be6 11. Bc4 Bxc4 12. Nxc4 Nbd7 13. Be3 Rfd8 14. Nbd2 Ne8 15. Ra3 Nd6 16. Rb3 b5 17. Nxd6 bxa4 18. Ra3 exd6 19. Rxa4 d5 20. exd5 cxd5 21. Rha1 Ne5 22. Rxa5 Rac8 23. Bb6 Rd6 24. Ra8 Rdc6 25. Bd4 h5 26. R1a5 Rxa8 27. Rxa8+ Kh7 28. Rd8 Nc4 29. Nxc4 dxc4 30. Rd7 Bxd4 31. cxd4 Kg7 32. h4 Kf6 33. Kc3 Rb6 34. Rd5 Rb3+ 35. Kc2 Rd3 36. b4 Re3 37. b5 Re2+ 38. Kc3 Rxg2 39. b6 Rg1 40. Rb5 1-0

[Event "Titled Tuesday intern op 25th Aug"]
[Site "Chess.com INT"]
[Date "2020.08.25"]
[Round "3"]
[White "Zong, Davis Jr"]
[Black "Manush, Shah"]
[Result "0-1"]
[WhiteElo "2129"]
[BlackElo "2324"]
[PlyCount "106"]
[EventDate "2020.08.25"]
[EventType "swiss (blitz)"]
[EventRounds "10"]
[EventCountry "USA"]
[SourceTitle "CBM 198 Extra"]
[Source "ChessBase"]
[SourceDate "2020.11.30"]
[SourceVersion "1"]
[SourceVersionDate "2020.11.30"]
[SourceQuality "1"]

1. c4 c6 2. Nf3 d5 3. cxd5 cxd5 4. g3 Nc6 5. d4 Nf6 6. Bg2 Bg4 7. Nc3 e6 8. Bf4 Bd6 9. Qd2 0-0 10. 0-0 Rc8 11. Ne5 Bf5 12. Nxc6 Rxc6 13. Rac1 Bxf4 14. Qxf4 Qa5 15. a3 Rfc8 16. e4 dxe4 17. Nxe4 Bxe4 18. Bxe4 Rxc1 19. Rxc1 Rxc1+ 20. Qxc1 g6 21. Bxb7 Qb6 22. Bf3 Qxd4 23. Qc3 Qxc3 24. bxc3 Kf8 25. Kf1 Ke7 26. Ke2 Kd6 27. Kd3 Kc5 28. h3 Nd7 29. Be2 Ne5+ 30. Ke3 f6 31. Ke4 Nc4 32. a4 a5 33. Bd1 e5 34. g4 Nd6+ 35. Kd3 e4+ 36. Kd2 Kc4 37. Be2+ Kc5 38. Ke3 Kd5 39. Kf4 g5+ 40. Ke3 f5 41. gxf5 Nxf5+ 42. Kd2 Nd6 43. Ke3 h6 44. Bb5 Nxb5 45. axb5 a4 46. Kd2 Kc5 47. c4 h5 48. Kc3 h4 49. Kb2 g4 50. hxg4 h3 51. g5 h2 52. g6 h1Q 53. g7 Qg2 0-1

[Event "Titled Tuesday intern op 18th Aug"]
[Site "Chess.com INT"]
[Date "2020.08.18"]
[Round "4"]
[White "Gago Padreny, Ignacio"]
[Black "Manush, Shah"]
[Result "0-1"]
[WhiteElo "2291"]
[BlackElo "2324"]
[PlyCount "60"]
[EventDate "2020.08.18"]
[EventType "swiss (blitz)"]
[EventRounds "10"]
[EventCountry "USA"]
[SourceTitle "CBM 197 Extra"]
[Source "ChessBase"]
[SourceDate "2020.09.30"]
[SourceVersion "1"]
[SourceVersionDate "2020.09.30"]
[SourceQuality "1"]

1. d4 c6 2. c4 d5 3. Nf3 Nf6 4. e3 Bf5 5. Nc3 a6 6. Bd2 e6 7. Qb3 b5 8. cxb5 cxb5 9. a4 b4 10. Na2 Nc6 11. Rc1 Na5 12. Qd1 Qb6 13. Ne5 Bd6 14. g4 Bg6 15. h4 h5 16. Nxg6 fxg6 17. Bd3 Ne4 18. Bxe4 dxe4 19. g5 0-0 20. 0-0 Rf3 21. Qc2 Qb7 22. Nxb4 Bxb4 23. Bxb4 Qxb4 24. Qxe4 Raf8 25. Qxg6 Qb3 26. Rc7 R3f7 27. Rfc1 Qxb2 28. R1c2 Qb1+ 29. Kg2 Rxc7 30. Rxc7 Qxg6 0-1

[Event "Titled Tuesday intern op 18th Aug"]
[Site "Chess.com INT"]
[Date "2020.08.18"]
[Round "1"]
[White "Manush, Shah"]
[Black "Jumabayev, Rinat"]
[Result "1-0"]
[WhiteElo "2324"]
[BlackElo "2654"]
[PlyCount "83"]
[EventDate "2020.08.18"]
[EventType "swiss (blitz)"]
[EventRounds "10"]
[EventCountry "USA"]
[SourceTitle "CBM 197 Extra"]
[Source "ChessBase"]
[SourceDate "2020.09.30"]
[SourceVersion "1"]
[SourceVersionDate "2020.09.30"]
[SourceQuality "1"]

1. d4 Nf6 2. c4 e5 3. dxe5 Ng4 4. Nf3 Nc6 5. e3 a5 6. Be2 Bb4+ 7. Bd2 0-0 8. a3 Bxd2+ 9. Nbxd2 Re8 10. 0-0 Ngxe5 11. Nxe5 Nxe5 12. Nf3 Nc6 13. Nd4 a4 14. Nxc6 bxc6 15. Qd4 d6 16. Bf3 c5 17. Qc3 Ra6 18. Rad1 Rb6 19. Rd2 Bf5 20. Rfd1 Qb8 21. h3 h6 22. Bd5 Qd8 23. e4 Bxe4 24. Re1 Bxd5 25. Rxe8+ Qxe8 26. Rxd5 Qe2 27. Rd2 Qe1+ 28. Kh2 Rb3 29. Qc2 h5 30. Re2 Qxe2 31. Qxe2 Kf8 32. Qxh5 Rxb2 33. Qh8+ Ke7 34. Qxg7 Rxf2 35. Qg5+ Kd7 36. Qg4+ Kc6 37. Qe4+ Kb6 38. Qb1+ Ka7 39. Qb5 Rf4 40. Qxa4+ Kb7 41. Qb5+ Ka7 42. a4 1-0

[Event "Titled Tuesday intern op 18th Aug"]
[Site "Chess.com INT"]
[Date "2020.08.18"]
[Round "5"]
[White "Manush, Shah"]
[Black "Mikhalevski, Victor"]
[Result "0-1"]
[WhiteElo "2324"]
[BlackElo "2565"]
[PlyCount "66"]
[EventDate "2020.08.18"]
[EventType "swiss (blitz)"]
[EventRounds "10"]
[EventCountry "USA"]
[SourceTitle "CBM 197 Extra"]
[Source "ChessBase"]
[SourceDate "2020.09.30"]
[SourceVersion "1"]
[SourceVersionDate "2020.09.30"]
[SourceQuality "1"]

1. d4 Nf6 2. c4 g6 3. g3 Bg7 4. Bg2 d5 5. Nf3 0-0 6. 0-0 Nc6 7. cxd5 Nxd5 8. Nc3 Nb6 9. e3 Re8 10. Re1 a5 11. b3 a4 12. bxa4 e5 13. d5 e4 14. Nd4 Nxd4 15. exd4 Nxd5 16. Nxe4 Bd7 17. Bg5 Bxa4 18. Qf3 f6 19. Nd6 Rxe1+ 20. Rxe1 Bc6 21. Re8+ Bxe8 22. Qxd5+ Kh8 23. Nxe8 Qxd5 24. Bxd5 Rxe8 25. Be3 c6 26. Bb3 Rd8 27. Kg2 f5 28. Bg5 Rxd4 29. Bc1 c5 30. Kf3 c4 31. Bc2 b5 32. Bb2 Rd2 33. Bxg7+ Kxg7 0-1

[Event "Titled Tuesday intern op 18th Aug"]
[Site "Chess.com INT"]
[Date "2020.08.18"]
[Round "3"]
[White "Vignesh, NR."]
[Black "Manush, Shah"]
[Result "1-0"]
[WhiteElo "2428"]
[BlackElo "2324"]
[PlyCount "89"]
[EventDate "2020.08.18"]
[EventType "swiss (blitz)"]
[EventRounds "10"]
[EventCountry "USA"]
[SourceTitle "CBM 197 Extra"]
[Source "ChessBase"]
[SourceDate "2020.09.30"]
[SourceVersion "1"]
[SourceVersionDate "2020.09.30"]
[SourceQuality "1"]

1. e4 c6 2. d3 d5 3. Nd2 e5 4. g3 Bd6 5. Bg2 Nf6 6. Ngf3 0-0 7. 0-0 Re8 8. Re1 Bg4 9. c3 Nbd7 10. h3 Bh5 11. Nf1 Qc7 12. Qc2 Nc5 13. Nh4 dxe4 14. dxe4 a5 15. Bg5 Nfd7 16. Nf5 Bg6 17. Nxd6 Qxd6 18. Rad1 Qc7 19. h4 f6 20. Bc1 a4 21. Ne3 Nf8 22. Nc4 Red8 23. Be3 Nfe6 24. b4 axb3 25. axb3 b5 26. Nb2 Rxd1 27. Rxd1 Rd8 28. Rxd8+ Qxd8 29. b4 Nb7 30. c4 Be8 31. cxb5 cxb5 32. Nd3 Nd4 33. Bxd4 Qxd4 34. Nc5 Nxc5 35. bxc5 Bc6 36. Qa2+ Qc4 37. Qa7 h6 38. Qb6 Bxe4 39. Bxe4 Qxe4 40. c6 Qc4 41. c7 Kh7 42. Qb7 Qc1+ 43. Kh2 Qc2 44. c8Q Qxf2+ 45. Qg2 1-0

[Event "Titled Tuesday intern op 11th Aug"]
[Site "Chess.com INT"]
[Date "2020.08.11"]
[Round "3"]
[White "Manush, Shah"]
[Black "Aditya, Mittal"]
[Result "1-0"]
[WhiteElo "2324"]
[BlackElo "2438"]
[PlyCount "119"]
[EventDate "2020.08.11"]
[EventType "swiss (blitz)"]
[EventRounds "10"]
[EventCountry "USA"]
[SourceTitle "CBM 197 Extra"]
[Source "ChessBase"]
[SourceDate "2020.09.30"]
[SourceVersion "1"]
[SourceVersionDate "2020.09.30"]
[SourceQuality "1"]

1. d4 Nf6 2. c4 e6 3. Nc3 Bb4 4. Bd2 0-0 5. e3 b6 6. Nf3 Bb7 7. Bd3 c5 8. 0-0 cxd4 9. exd4 Re8 10. Rc1 d5 11. cxd5 exd5 12. Ne5 Nbd7 13. f4 Bxc3 14. Bxc3 Ne4 15. Bb5 Nxe5 16. Bxe8 Nc4 17. Bb5 Ne3 18. Qd3 Nxf1 19. Rxf1 Rc8 20. Ba4 Bc6 21. Bb3 Qd7 22. Rc1 Re8 23. Qf3 f5 24. Be1 Kh8 25. Bh4 Bb7 26. Re1 Rc8 27. h3 Qf7 28. Kh2 h6 29. Qe3 Qc7 30. a3 Kh7 31. Bg3 Qc6 32. Qd3 Qg6 33. Bh4 Qh5 34. Bg3 Qe8 35. Qe3 Qg6 36. Qd3 Ba6 37. Qe3 Bc4 38. Bc2 Re8 39. Bxe4 Rxe4 40. Qf2 Qe6 41. Rxe4 Qxe4 42. Bh4 Qd3 43. Be7 Qe4 44. Bd6 Qe6 45. Be5 Qg6 46. b4 a5 47. bxa5 bxa5 48. Qd2 a4 49. Qf2 h5 50. Qc2 h4 51. Qf2 Qh5 52. Qc2 Be2 53. Qxa4 Bd3 54. Qa7 Qg6 55. Qe7 Be4 56. Qxh4+ Kg8 57. Qd8+ Kh7 58. Qh4+ Kg8 59. Qg3 Qa6 60. Qxg7# 1-0

[Event "Titled Tuesday intern op 11th Aug"]
[Site "Chess.com INT"]
[Date "2020.08.11"]
[Round "6"]
[White "Manush, Shah"]
[Black "Kondakov, Adrian"]
[Result "1-0"]
[WhiteElo "2324"]
[BlackElo "1986"]
[PlyCount "107"]
[EventDate "2020.08.11"]
[EventType "swiss (blitz)"]
[EventRounds "10"]
[EventCountry "USA"]
[SourceTitle "CBM 197 Extra"]
[Source "ChessBase"]
[SourceDate "2020.09.30"]
[SourceVersion "1"]
[SourceVersionDate "2020.09.30"]
[SourceQuality "1"]

1. d4 Nf6 2. c4 g6 3. g3 Bg7 4. Bg2 d6 5. Nf3 0-0 6. Nc3 Nc6 7. 0-0 a6 8. Qd3 Rb8 9. d5 Na7 10. Be3 b6 11. a4 e5 12. dxe6 Bxe6 13. Nd4 Bd7 14. b3 c5 15. Nc2 Bc6 16. Rad1 Bxg2 17. Kxg2 Ne8 18. Ne4 Nc6 19. Nxd6 Ne5 20. Qd5 Nxd6 21. Qxd6 Qc8 22. Bf4 Qb7+ 23. Qd5 Rfe8 24. Qxb7 Rxb7 25. Ne3 Nc6 26. Rd6 Nd4 27. Re1 Nxb3 28. Rb1 Nd4 29. Kf1 b5 30. axb5 axb5 31. cxb5 Rxb5 32. Rxb5 Nxb5 33. Rc6 Bd4 34. Nd5 Ra8 35. e3 Bg7 36. Rxc5 Na3 37. Kg2 Nb1 38. e4 Bd4 39. Rc1 Na3 40. Rd1 Nb5 41. Be3 Bxe3 42. Nxe3 Nc3 43. Rd4 Kg7 44. Rc4 Nb5 45. e5 Re8 46. Rc5 Na7 47. f4 Nc8 48. Nd5 Ne7 49. Nf6 Rd8 50. Rc7 Nf5 51. e6 Nh6 52. e7 Rd2+ 53. Kf3 Ng8 54. Nxg8 1-0

[Event "Titled Tuesday intern op 4th Aug 10am"]
[Site "Chess.com INT"]
[Date "2020.08.04"]
[Round "4"]
[White "Kalavannan, Koby"]
[Black "Manush, Shah"]
[Result "1-0"]
[WhiteElo "2324"]
[BlackElo "2324"]
[PlyCount "57"]
[EventDate "2020.08.04"]
[EventType "swiss (blitz)"]
[EventRounds "10"]
[EventCountry "USA"]
[SourceTitle "CBM 197 Extra"]
[Source "ChessBase"]
[SourceDate "2020.09.30"]
[SourceVersion "1"]
[SourceVersionDate "2020.09.30"]
[SourceQuality "1"]

1. d4 d5 2. Nf3 c6 3. c4 Nf6 4. Qb3 dxc4 5. Qxc4 Bf5 6. g3 e6 7. Bg2 Nbd7 8. 0-0 Be7 9. Nc3 0-0 10. e3 Rc8 11. Qe2 Bg6 12. Rd1 Qc7 13. e4 e5 14. dxe5 Nxe5 15. Bf4 Nxf3+ 16. Bxf3 Qb6 17. e5 Ne8 18. Rd7 Bb4 19. Ne4 Bf5 20. Rd3 Nc7 21. Bg4 Bxg4 22. Qxg4 Nd5 23. Bh6 g6 24. Rxd5 cxd5 25. Nf6+ Kh8 26. Qh4 Rg8 27. Be3 Rg7 28. Bxb6 axb6 29. Qxb4 1-0

[Event "Titled Tuesday intern op 21st July"]
[Site "Chess.com INT"]
[Date "2020.07.21"]
[Round "1"]
[White "Manush, Shah"]
[Black "Lobanov, Sergei"]
[Result "0-1"]
[WhiteElo "2324"]
[BlackElo "2516"]
[PlyCount "94"]
[EventDate "2020.07.21"]
[EventType "swiss (blitz)"]
[EventRounds "10"]
[EventCountry "USA"]
[SourceTitle "CBM 197 Extra"]
[Source "ChessBase"]
[SourceDate "2020.09.30"]
[SourceVersion "1"]
[SourceVersionDate "2020.09.30"]
[SourceQuality "1"]

1. d4 Nf6 2. c4 g6 3. g3 Bg7 4. Bg2 c6 5. Nf3 d5 6. 0-0 0-0 7. b3 a5 8. Nc3 Bf5 9. Bb2 Nbd7 10. Rc1 Ne4 11. Nh4 Nxc3 12. Bxc3 Be6 13. e4 Nf6 14. cxd5 cxd5 15. e5 Ne4 16. Bb2 a4 17. bxa4 Qa5 18. Ba3 Rfe8 19. Qc2 Qxa4 20. Bb2 Qxc2 21. Rxc2 Rxa2 22. Ra1 Rea8 23. Rxa2 Rxa2 24. f3 Nc3 25. Rxc3 Rxb2 26. Rc7 Bf8 27. f4 f6 28. Nf3 Bf5 29. exf6 exf6 30. h4 Be4 31. Ne1 Re2 32. Nf3 b5 33. Rb7 b4 34. Kf1 Ra2 35. Ne1 Rd2 36. Nf3 Rb2 37. Ne1 b3 38. Rb5 Ba3 39. Rb8+ Kf7 40. Rb7+ Ke8 41. Rb8+ Kd7 42. Rb7+ Kc6 43. Ra7 Bb4 44. Rxh7 Rxg2 45. Nxg2 b2 46. Ne3 b1Q+ 47. Kf2 Qe1# 0-1

[Event "Titled Tuesday intern op 7th July"]
[Site "Chess.com INT"]
[Date "2020.07.07"]
[Round "1"]
[White "Diaz Camallonga, Carles"]
[Black "Manush, Shah"]
[Result "1/2-1/2"]
[WhiteElo "2467"]
[BlackElo "2324"]
[PlyCount "119"]
[EventDate "2020.07.07"]
[EventType "swiss (blitz)"]
[EventRounds "10"]
[EventCountry "USA"]
[SourceTitle "CBM 197 Extra"]
[Source "ChessBase"]
[SourceDate "2020.09.30"]
[SourceVersion "1"]
[SourceVersionDate "2020.09.30"]
[SourceQuality "1"]

1. e4 c6 2. Nc3 d5 3. Nf3 dxe4 4. Nxe4 Nf6 5. Qe2 Nxe4 6. Qxe4 Qa5 7. Bc4 Bf5 8. Qf4 e6 9. c3 Be7 10. 0-0 Nd7 11. d4 0-0 12. h3 Nf6 13. Ne5 Qc7 14. Re1 c5 15. Bb3 Rac8 16. g4 Bg6 17. Nxg6 hxg6 18. Qxc7 Rxc7 19. Bf4 Rcc8 20. dxc5 Bxc5 21. Rad1 Rfd8 22. Kg2 Kf8 23. Kf3 Ke7 24. Be5 Bd6 25. Bd4 Bc5 26. Be5 Bd6 27. Bxd6+ Rxd6 28. Rxd6 Kxd6 29. Rd1+ Ke7 30. Rd4 Rd8 31. Rb4 b6 32. Ke2 Rh8 33. Ra4 a5 34. Rc4 Rxh3 35. Rc7+ Kf8 36. Rb7 Nxg4 37. Rxb6 Rh2 38. Kf3 f5 39. Rxe6 Rxf2+ 40. Kg3 Rxb2 41. Rxg6 a4 42. Bxa4 Rxa2 43. Bd1 Ra3 44. Bxg4 fxg4 45. Rxg4 Rxc3+ 46. Kg2 Kf7 47. Rf4+ Kg6 48. Rg4+ Kh6 49. Rh4+ Kg5 50. Ra4 g6 51. Ra5+ Kh4 52. Ra4+ Kh5 53. Ra5+ g5 54. Ra4 Rb3 55. Rc4 Ra3 56. Rb4 Rc3 57. Ra4 Rb3 58. Rc4 Ra3 59. Rb4 Rc3 60. Ra4 1/2-1/2

[Event "Titled Tuesday intern op 7th July"]
[Site "Chess.com INT"]
[Date "2020.07.07"]
[Round "4"]
[White "Jakubowski, Krzysztof"]
[Black "Manush, Shah"]
[Result "1/2-1/2"]
[WhiteElo "2481"]
[BlackElo "2324"]
[PlyCount "74"]
[EventDate "2020.07.07"]
[EventType "swiss (blitz)"]
[EventRounds "10"]
[EventCountry "USA"]
[SourceTitle "CBM 197 Extra"]
[Source "ChessBase"]
[SourceDate "2020.09.30"]
[SourceVersion "1"]
[SourceVersionDate "2020.09.30"]
[SourceQuality "1"]

1. e4 c6 2. Nf3 d5 3. d3 dxe4 4. dxe4 Qxd1+ 5. Kxd1 Nf6 6. Nfd2 g6 7. a4 Bg7 8. a5 Nbd7 9. f3 Ne5 10. Nc4 Nfd7 11. Nbd2 Nxc4 12. Nxc4 Ne5 13. Nxe5 Bxe5 14. c3 Be6 15. Kc2 0-0-0 16. Be3 a6 17. f4 Bc7 18. Be2 f5 19. e5 Bd5 20. Bf3 Bxf3 21. gxf3 Rd5 22. b4 Rhd8 23. Bd4 Kd7 24. Kd3 Ke6 25. Kc4 R8d7 26. h4 h5 27. Rag1 Kf7 28. Rg2 Rd8 29. Rhg1 Rg8 30. Bc5 e6 31. Bd4 Bd8 32. Rh1 Be7 33. Rb2 Rgd8 34. Rhh2 R5d7 35. Rh1 Rd5 36. Rhh2 R5d7 37. Rh1 Rd5 1/2-1/2